| 000 | 00494nam a2200181Ia 4500 | ||
|---|---|---|---|
| 005 | 20250326124117.0 | ||
| 008 | 250326s9999 xx 000 0 und d | ||
| 037 | _aTextbook | ||
| 040 |
_aFMSL _beng _cFMSL |
||
| 041 |
_aeng _2eng |
||
| 084 |
_aX:1 L1 _qFMSL |
||
| 100 |
_aAaker D A _9317126 |
||
| 245 | 0 |
_aConsumerism: search for the consumer interest _cAaker D A; Day G S |
|
| 260 |
_aNY _bNY, Free _c1971 |
||
| 300 | _a442p | ||
| 942 |
_cTB _hX:1 L1 |
||
| 999 |
_c1272325 _d1272325 |
||